| 000 | 00530nam a2200229Ia 4500 | ||
|---|---|---|---|
| 008 | 150909s9999 xx 000 0 und d | ||
| 041 | _aEnglish | ||
| 082 | _a530 | ||
| 082 | _bSHR/EL | ||
| 100 | _aShrader R.L | ||
| 100 | _eAuthor | ||
| 245 | _aElectrical fundamentals for technicians | ||
| 250 | _a2nd Ed. | ||
| 260 | _aNewYork | ||
| 260 | _bMc Graw Hill Book company | ||
| 260 | _c1977 | ||
| 300 | _a465 Pages | ||
| 365 | _aRs.155 | ||
| 650 | _aMagnetism | ||
| 650 | _aPhysics | ||
| 942 | _cBK | ||
| 999 |
_c229099 _d229099 |
||